La civilización azteca; orígen, grandeza y decadencia /
Guardado en:
| Autor Principal: | |
|---|---|
| Formato: | Libro |
| Publicado: |
México :
Fondo de Cultura Econ¢mica,
1980
|
| Edición: | 2a. ed. |
| Materias: | |
| Etiquetas: |
Agregar Etiqueta
Sin Etiquetas, Sea el primero en etiquetar este registro!
|
| LEADER | 00632nam a22002175a 4500 | ||
|---|---|---|---|
| 001 | CEM.cems006397 | ||
| 005 | 20060214000000.0 | ||
| 008 | 130507s1980##################000#0#####d | ||
| 003 | CEMS | ||
| 082 | 0 | 4 | |a 972.014 |
| 100 | 1 | |a Vaillant, George C. | |
| 245 | 1 | 0 | |a La civilización azteca; orígen, grandeza y decadencia / |
| 250 | |a 2a. ed. | ||
| 260 | |a México : |b Fondo de Cultura Econ¢mica, |c 1980 | ||
| 300 | |a 317 p. | ||
| 653 | |a Aztecas-decadencia | ||
| 653 | |a Aztecas-grandeza | ||
| 653 | |a Aztecas-historia | ||
| 653 | |a Aztecas-origen | ||
| 653 | |a Historia | ||
| 859 | |a CEMS |b BIB. CEMS - 11 de abril |h 972.014 |i V194a2 |p 15030.88 |t Ej.1 | ||
